[Event "ROM-ch U08 Girls"]
[White "Bototeanu, Irenne Stefania"]
[Black "Albota, Carolina Ana"]
[Site "Calimanesti"]
[Round "9"]
[Result "0-1"]
[Date "2015.04.06"]
[WhiteElo "1001"]
[BlackElo "1003"]
[PlyCount "70"]
[EventDate "2015.03.30"]
[EventType "swiss"]
[EventRounds "9"]
[EventCountry "ROU"]
[SourceTitle "CBM 165 Extra"]
[Source "ChessBase"]
[SourceDate "2015.04.21"]
[SourceVersion "1"]
[SourceVersionDate "2015.04.21"]
[SourceQuality "1"]

1. e4 e6 2. d4 d5 3. Nc3 Bb4 4. Bd2 Bxc3 5. Bxc3 dxe4 6. Qe2 Nf6 7. Qd1 0-0 8. f3 exf3 9. Nxf3 Ne4 10. Bb4 Nd6 11. Bd3 Nc6 12. Nh4 Qxh4+ 13. g3 Qxd4 14. c3 Qe5+ 15. Qe2 Qd5 16. Rg1 e5 17. Bc2 Be6 18. Qh5 h6 19. Bb3 Qe4+ 20. Qe2 Qxe2+ 21. Kxe2 Nxb4 22. Bxe6 fxe6 23. cxb4 Rf6 24. Ke1 Raf8 25. Rd1 Rf3 26. h4 Re3+ 27. Kd2 Nc4+ 28. Kc1 Rf2 29. Rd8+ Kh7 30. Rd7 Nxb2 31. Rxc7 Ree2 32. Kb1 Na4 33. Kc1 Rxa2 34. Kb1 Rfb2+ 35. Kc1 Ra1# 0-1

[Event "ROM-ch U08 Girls"]
[White "Brebenel, Ioana Miruna"]
[Black "Bototeanu, Irenne Stefania"]
[Site "Calimanesti"]
[Round "8"]
[Result "1-0"]
[Date "2015.04.05"]
[WhiteElo "1001"]
[BlackElo "1001"]
[PlyCount "67"]
[EventDate "2015.03.30"]
[EventType "swiss"]
[EventRounds "9"]
[EventCountry "ROU"]
[SourceTitle "CBM 165 Extra"]
[Source "ChessBase"]
[SourceDate "2015.04.21"]
[SourceVersion "1"]
[SourceVersionDate "2015.04.21"]
[SourceQuality "1"]

1. e4 e6 2. Nf3 d5 3. Nc3 Nf6 4. e5 Nfd7 5. Be2 f6 6. exf6 Qxf6 7. 0-0 Bd6 8. d3 0-0 9. Bg5 Qg6 10. Re1 Nc6 11. Qd2 b5 12. Rad1 b4 13. Nb5 a6 14. Nbd4 Bb7 15. Nxc6 Bxc6 16. Nd4 Bb7 17. Bg4 Rac8 18. Re2 Nf6 19. Bh3 Bc5 20. Nb3 Bd6 21. Rde1 Qh5 22. f3 e5 23. c4 dxc4 24. dxc4 a5 25. c5 a4 26. cxd6 axb3 27. axb3 cxd6 28. Be3 Nd7 29. Qxb4 Rcd8 30. Qxb7 Rf6 31. Qc7 Rdf8 32. Qxd7 Rg6 33. Rc1 Qxh3 34. Qxh3 1-0